000 00871nam a22002417a 4500
005 20101213120455.0
008 101213t xxu||||| |||| 00| 0 eng d
010 _aENG-101789
020 _c250.00
_a9788120340800
035 _aEN-85322
037 _bDBAD / PUB
040 _adpl
_bEng
082 _a624.1513
100 _aKalita,Utsav Chandra
_924733
245 1 _aSoil mechanics and foundation engineering/
_cby Utsav Chandra Kalita
260 _aNew Delhi
_bPrentice-Hall of India
_c2011
270 _aM-97, Connaught Circus,
_bNew Delhi
_e110 001
300 _axxiii, 267p. :
_c23cm (pbk)
_bill
500 _aIncludes index
700 _924734
942 _adpl
_cEN
_2ddc
_h624.1513
_mKAL
999 _c49105
_d49105